000 00304nam a2200109Ia 4500
008 171211s9999 xx 000 0 und d
245 4 _aThe Origins of Proslavery Christianity
245 _cCharles F. Irons
260 _c2008
650 _xRELIGION
856 _uhttp://down.ebook777.com/064/0807831948.pdf
999 _c350549
_d350549